Verenigde Staten van Amerika - Statistieken

Algemene statistieken
  • Deze quiz is 1.901 keer genomen
  • De gemiddelde score is 35 van 50
Antwoorden op de kaart
Antwoorden kleurgecodeerd door een groen-rode schaal op de quizkaart volgens % correct hieronder.
 
Antwoordstatistieken
State % Correct
Texas
94%
Alaska
93%
New York
93%
Florida
92%
California
90%
Washington
90%
Alabama
84%
Hawaii
83%
North Dakota
80%
New Mexico
79%
South Dakota
79%
North Carolina
78%
Ohio
77%
South Carolina
77%
Mississippi
76%
Arizona
75%
Nevada
75%
Arkansas
73%
Colorado
71%
Georgia
70%
Kentucky
70%
Virginia
70%
West Virginia
70%
Utah
69%
New Jersey
68%
Maine
67%
Idaho
66%
Kansas
66%
Michigan
66%
Illinois
65%
Wyoming
65%
Montana
64%
Rhode Island
64%
Louisiana
63%
Oregon
63%
Tennessee
63%
Indiana
62%
Pennsylvania
61%
Nebraska
60%
New Hampshire
60%
Connecticut
59%
Iowa
59%
Maryland
59%
Minnesota
59%
Oklahoma
59%
Vermont
59%
Wisconsin
59%
Delaware
57%
Missouri
57%
Massachusetts
56%
Geen overeenkomende quizzen gevonden
Scoreverdeling
Procent van Mensen met Elke Score
Percentiel versus Aantal Correcte Antwoorden
Uw Scoregeschiedenis
U heeft deze quiz nog niet genomen